00930cam a22002655a 4500999001700000005001700017008004100034020001500075020001800090040003600108082002000144100004400164245005500208246002100263250003100284260005700315300003500372500002400407500005100431650003200482651001000514653002200524942000800546952011000554 c26523d2649520190526103723.0991127t2000 maua frb 001 0 eng d a0201684195 a9780201684193 aUkbengcUkdEG-ScBUEdEG-ScBUE04a005.74bDAT2221 aDate, C. J.q(Christopher John),d1941-13aAn introduction to database systems /cC. J. Date.30aDatabase systems a7th ed., International ed. aReading, Mass. ;aHarlow :bAddison-Wesley,cc.2000. axxii, 938 p. :bill. ;c24 cm. aPrevious ed.: 1995. aIncludes bibliographical references and index. 7aDatabase management.2BUEsh 2BUEsh bCOMSCIcApril2018 2ddc 00102ddc4070aMAINbMAINcLOWd2018-10-15eDonationl0o005.74 DATp000042729r2025-07-15 00:00:00yBB